Statistics for Every U.S. standard-issue pistol since 1873

Click here to take the quiz!

General Stats

  • This quiz has been taken 11 times
  • The average score is 3 of 5

Answer Stats

In servicePistol% Correct
1911-1985M1911 pistol
100%
1985-presentBeretta M9
78%
2017-presentSIG Sauer M17
67%
1873-1892Colt Single Action Army
44%
1892-1908Colt M1892
22%

Score Distribution

Percentile by Number Answered

Percent of People with Each Score

Your Score History

You have not taken this quiz